000 00657nam a2200241Ia 4500
005 20250425162229.0
008 250425s9999 xx 000 0 und d
020 _a9978446095
041 _aspa
043 _aec
082 _a321.4
100 _aFUNDACION FRIEDRICH EBERT, INSTITUTO LATINOAMERICANO DE INVESGACIONES SOCIALES FES ILDIS
245 0 _aVEINTICINCO (25) AÑOS DE LA DEMOCRACIA DEN EL ECUADOR: BALANCES Y PERSPECTIVAS
250 _a1A ED.
260 _aEcuador
_bILDIS
_c2004
260 _aQUITO
300 _a179
650 _aBALANCES
650 _aDEMOCRACIA-ECUADOR
710 _aFES-ILDIS
942 _c01
010 _a58138
999 _c225022
_d225022